| 000 | 00376nam a2200133Ia 4500 | ||
|---|---|---|---|
| 008 | 211119s9999||||xx |||||||||||||| ||und|| | ||
| 082 |
_a297 _bKEC-H |
||
| 100 | _aKecheri, Yousafali | ||
| 245 | 0 | _aHajjinte Mathethara Darsanam | |
| 260 |
_bMathrubhoomi Books _aKottayam _c2008 |
||
| 300 | _a87p | ||
| 650 |
_aHajj _vReligionIslamEconomics _xPGR-GANDHIAN STUDIES |
||
| 942 | _cBOOK | ||
| 999 |
_c107766 _d107766 |
||